书目信息 |
| 题名: |
符号化的自我
|
|
| 作者: | 王丽 著 | |
| 分册: | ||
| 出版信息: | 北京 中国社会科学出版社 2006 |
|
| 页数: | 136页 | |
| 开本: | 24cm | |
| 丛书名: | ||
| 单 册: | ||
| 中图分类: | F723.55 | |
| 科图分类: | ||
| 主题词: | 大学生--服装--消费心理学--研究 , 大学生 , 服装 , 消费心理学 , 商业经济--中国 | |
| 电子资源: | ||
| ISBN: | 7-5004-5670-0 | |
| 000 | 01031nam0 2200277 450 | |
| 001 | 1139184844 | |
| 005 | 20111005105407.56 | |
| 010 | @a7-5004-5670-0@dCNY20.00 | |
| 100 | @a20060529d2006 em y0chiy50 ea | |
| 101 | 0 | @achi |
| 102 | @aCN@b110000 | |
| 105 | @ay z 000yy | |
| 200 | 1 | @a符号化的自我@Afu hao hua de zi wo@e大学生服装消费行为中的自我概念研究@f王丽著 |
| 210 | @a北京@c中国社会科学出版社@d2006 | |
| 215 | @a136页@d24cm | |
| 330 | @a本书分析了大学生服装自我与自我概念其他维度的相关;区别了大学生着装风格的类型及其在服装自我、人格、自我概念等方面的特点;划分了大学生着装动机的三种类型;探讨了大学生服装自我的影响因素。 | |
| 517 | 1 | @a大学生服装消费行为中的自我概念研究@Ada xue sheng fu zhuang xiao fei xing wei zhong de zi wo gai nian yan jiu |
| 606 | 0 | @a大学生@x服装@x消费心理学@x研究 |
| 606 | 0 | @a大学生 |
| 606 | 0 | @a服装 |
| 606 | 0 | @a消费心理学 |
| 606 | 0 | @a商业经济@x中国 |
| 690 | @aF723.55@v4 | |
| 701 | 0 | @a王丽@Awang li@c(女)@4著 |
| 801 | 0 | @aCN@bNLC@c20101222 |
| 905 | @a10447@dF723.55@eJY67 | |
| 符号化的自我:大学生服装消费行为中的自我概念研究/王丽著.-北京:中国社会科学出版社,2006 |
| 136页;24cm |
| ISBN 7-5004-5670-0:CNY20.00 |
| 本书分析了大学生服装自我与自我概念其他维度的相关;区别了大学生着装风格的类型及其在服装自我、人格、自我概念等方面的特点;划分了大学生着装动机的三种类型;探讨了大学生服装自我的影响因素。 |
| ● |
| 相关链接 |
|
|
|
|
正题名:符号化的自我
索取号:F723.55/JY67
 
预约/预借
| 序号 | 登录号 | 条形码 | 馆藏地/架位号 | 状态 | 备注 |
| 1 | 7814135 | 278141351 | 学院路分馆/ [索取号:F723.55/JY67] | 在馆 | |
| 2 | 7814136 | 278141360 | 学院路分馆/ [索取号:F723.55/JY67] | 在馆 |